000
002740000a22000970004500
100
1
_a
Tson, Josef
245
1
0
_a
Suffering and martyrdom : God's strategy in the world
300
_a
Vol.21, núm.4 (March-April, 1999), Páginas 28-31
773
0
_t
Mission Frontiers
942
_c
ANA
999
_c
60317
_d
60317